Vista normal Vista MARC

Entrada Nombre personal

Número de registros utilizados en: 5

001 - NÚMERO DE CONTROL

  • campo de control: 44939

003 - IDENTIFICADOR DE NÚMERO DE CONTROL

  • campo de control: mxcmmo

005 - FECHA Y HORA DE LA ÚLTIMA TRANSACCIÓN

  • campo de control: 20241018003636.0

008 - ELEMENTOS DE DATO DE LONGITUD-FIJA

  • campo de control de longitud fija: 241018|| aca||aabn | a|a d

040 ## - FUENTE DE CATALOGACIÓN

  • Centro catalogador/agencia de origen: mxcmmo
  • Centro/agencia transcriptor: mxcmmo

100 ## - ENCABEZAMIENTO-NOMBRE DE PERSONA

  • Nombre de persona: Juárez, Benito
  • Títulos y otros términos asociados al nombre: pres. de México
  • Fechas asociadas al nombre: 1806-1872
  • Subdivisión general: Aniversarios, etc

670 ## - FUENTE DE DATOS ENCONTRADOS

  • Cita de la fuente: Work cat.: (mxcmmo)23417: Salado Alvarez, Victoriano 1867-1931 autor 599, Informe que en nombre de la Comisión N. del Centenario de Juárez leyó en la velada del teatro Arbeu la noche del 21 de marzo de 1906, el C. Lic. Victoriano Salado Alvarez